<?xml version="1.0" encoding="UTF-8"?>
<marc:record xmlns:marc="http://www.loc.gov/MARC21/slim">
   <marc:leader>00000nam a2200000 a 4500</marc:leader>
   <marc:datafield ind1="1" ind2=" " tag="100">
      <marc:subfield code="a">Heijkoop, Jacques</marc:subfield>
      <marc:subfield code="4">aut</marc:subfield>
      <marc:subfield code="e">Verfasser/-in</marc:subfield>
   </marc:datafield>
   <marc:datafield ind1="1" ind2=" " tag="100">
      <marc:subfield code="a">Heijkoop, Jacques</marc:subfield>
   </marc:datafield>
   <marc:datafield ind1=" " ind2=" " tag="653">
      <marc:subfield code="a">Geistige Behinderung</marc:subfield>
   </marc:datafield>
   <marc:datafield ind1=" " ind2=" " tag="653">
      <marc:subfield code="a">Verhaltensstörung</marc:subfield>
   </marc:datafield>
   <marc:datafield ind1=" " ind2=" " tag="653">
      <marc:subfield code="a">Bezugsperson</marc:subfield>
   </marc:datafield>
   <marc:datafield ind1=" " ind2=" " tag="653">
      <marc:subfield code="a">Umgang</marc:subfield>
   </marc:datafield>
   <marc:datafield ind1=" " ind2=" " tag="653">
      <marc:subfield code="a">Softcover / Pädagogik/Sozialpädagogik</marc:subfield>
   </marc:datafield>
   <marc:datafield ind1=" " ind2=" " tag="653">
      <marc:subfield code="a">Soziale Arbeit</marc:subfield>
   </marc:datafield>
   <marc:datafield ind1=" " ind2=" " tag="653">
      <marc:subfield code="a">Entwicklungsblockaden</marc:subfield>
   </marc:datafield>
   <marc:datafield ind1="0" ind2="0" tag="245">
      <marc:subfield code="a">Herausforderndes Verhalten von Menschen mit geistiger Behinderung</marc:subfield>
   </marc:datafield>
   <marc:datafield ind1="0" ind2="0" tag="245">
      <marc:subfield code="b">neue Wege der Begleitung und Förderung</marc:subfield>
   </marc:datafield>
   <marc:datafield ind1="0" ind2="0" tag="245">
      <marc:subfield code="c">Jacques Heijkoop. Aus dem Niederländ. übers. von Mirjam Pressler und Reinhard Koch. Mit einem Vorw. von Heinz Mühl</marc:subfield>
   </marc:datafield>
   <marc:datafield ind1=" " ind2="1" tag="264">
      <marc:subfield code="a">Weinheim</marc:subfield>
      <marc:subfield code="b">Beltz Juventa</marc:subfield>
      <marc:subfield code="c">2014</marc:subfield>
   </marc:datafield>
   <marc:datafield ind1="1" ind2=" " tag="490">
      <marc:subfield code="a">Edition sozial</marc:subfield>
   </marc:datafield>
   <marc:datafield ind1=" " ind2=" " tag="250">
      <marc:subfield code="a">6. Aufl.</marc:subfield>
   </marc:datafield>
   <marc:datafield ind1="1" ind2=" " tag="520">
      <marc:subfield code="a">Angaben aus der Verlagsmeldung

Herausforderndes Verhalten von Menschen mit geistiger Behinderung : Neue Wege der Begleitung und Förderung / von Jacques Heijkoop

Der Band zeigt neue Wege für die Begleitung von Menschen mit geistiger Behinderung und schwierigen Verhaltensweisen. Dabei liegt der Schlüssel zur Beseitigung von Entwicklungsblockaden im Aufbau vertrauensvoller zwischenmenschlicher Beziehungen.

Dieses Buch zeigt neue Wege für die Begleitung von Menschen mit geistiger Behinderung und schwierigen Verhaltensweisen.
Das Buch bezieht sich auf die zunehmende Normalisierung der Lebensverhältnisse von Menschen mit geistiger Behinderung und ihre Integration in den gesellschaftlichen Alltag. Im ersten Teil werden - von Nahrungsverweigerung bis zur offenen Aggression gegen sich und andere - Verhaltensweisen beschrieben, die das Zusammenleben quälend stören. Der zweite Teil entwickelt Therapie- und Fördermöglichkeiten. Primäres Ziel ist die Ermöglichung neuer Entwicklungsprozesse, nicht die Beseitigung des Problemverhaltens. Dabei liegt der eigentliche Schlüssel zur Beseitigung von Entwicklungsblockaden im Aufbau vertrauensvoller zwischenmenschlicher Beziehungen.
</marc:subfield>
   </marc:datafield>
   <marc:datafield ind1=" " ind2=" " tag="020">
      <marc:subfield code="a">9783779931515</marc:subfield>
      <marc:subfield code="9">9783779931515</marc:subfield>
   </marc:datafield>
   <marc:datafield ind1=" " ind2=" " tag="020">
      <marc:subfield code="a">3779931516</marc:subfield>
      <marc:subfield code="9">3779931516</marc:subfield>
   </marc:datafield>
   <marc:datafield ind1=" " ind2=" " tag="041">
      <marc:subfield code="a">ger</marc:subfield>
   </marc:datafield>
   <marc:datafield ind1=" " ind2=" " tag="300">
      <marc:subfield code="a">208 S.</marc:subfield>
   </marc:datafield>
</marc:record>
